Lazio players (2010-2020) - Statistics

General Stats
  • This quiz has been taken 10 times
  • The average score is 61 of 111
Answer Stats
Rank Player Positions Nationality Matches Goals (assists) Period % Correct
29 Adam Marusic RB 73 6 (7) 2017-2020
100%
32 Bastos CB 66 6 (0) 2016-2020
100%
8 Ciro Immobile ST 142 103 (25) 2016-2020
100%
5 Federico Marchetti GK 161 0 (1) 2011-2017
100%
33 Jordan Lukaku LB 66 1 (5) 2016-2020
100%
16 Keita Baldé LW 110 26 (12) 2013-2017
100%
18 Luis Alberto AM 106 22 (37) 2016-2020
100%
9 Miroslav Klose ST 139 54 (30) 2011-2016
100%
1 Senad Lulic LM 266 28 (45) 2011-2020
100%
4 Sergej Milinković-Savić CM 162 29 (19) 2015-2020
100%
2 Ștefan Radu LB 249 5 (13) 2010-2020
100%
11 Thomas Strakosha GK 132 0 (0) 2016-2020
100%
83 André Anderson AM 6 0 (0) 2019-2020
90%
6 Antonio Candreva AM, RW 151 41 (32) 2011-2016
90%
84 Djavan Anderson RM 6 0 (0) 2019-2020
90%
10 Felipe Anderson RW 137 25 (30) 2013-2018
90%
26 Felipe Caicedo ST 80 20 (8) 2017-2020
90%
47 Fernando Muslera GK 36 0 (0) 2010-2011
90%
30 Francesco Acerbi CB 73 5 (2) 2018-2020
90%
3 Marco Parolo CM 193 27 (11) 2014-2020
90%
28 Patric CB 75 0 (2) 2015-2020
90%
12 Stefano Mauri AM 124 27 (22) 2010-2016
90%
25 Danilo Cataldi DM 80 5 (8) 2014-2017, 2018-2020
80%
22 Dusan Basta RB 88 1 (5) 2014-2018
80%
46 Etrit Berisha GK 38 0 (0) 2013-2016
80%
13 Hernanes AM 118 33 (17) 2010-2014
80%
35 Joaquín Correa CF 64 14 (10) 2018-2020
80%
17 Lucas Biglia DM 109 13 (9) 2013-2017
80%
40 Luis Pedro Cavanda RB 53 1 (3) 2010-2015
80%
36 Luiz Felipe CB 61 2 (2) 2017-2020
80%
45 Tommaso Rocchi ST 40 8 (7) 2010-2013
80%
76 Valon Berisha LM 11 0 (1) 2018-2020
80%
7 Cristian Ledesma DM 147 5 (24) 2010-2015
70%
15 Giuseppe Biava CB 112 6 (1) 2010-2014
70%
37 Libor Kozák ST 55 10 (3) 2010-2013
70%
49 Lionel Scaloni RB 35 1 (2) 2010-2013
70%
23 Lucas Leiva DM 88 2 (4) 2017-2020
70%
53 Manuel Lazzari RM 32 0 (4) 2019-2020
70%
48 Mauro Zárate ST 36 9 (7) 2010-2011, 2012-2013
70%
67 Nani LW 18 3 (3) 2017-2018
70%
27 Ogenyi Onazi DM 76 4 (5) 2011-2016
70%
20 Stefan de Vrij CB 95 8 (3) 2014-2018
70%
51 Stephan Lichtsteiner RB 34 0 (2) 2010-2011
70%
42 Wesley Hoedt CB 48 2 (0) 2015-2017
70%
21 Abdoulay Konko RB 92 1 (5) 2011-2016
60%
54 Alessandro Murgia CM 31 2 (0) 2016-2019
60%
14 Álvaro González CM 113 4 (8) 2010-2015
60%
19 André Dias CB 99 3 (1) 2010-2014
60%
74 Denis Vavro CB 11 0 (0) 2019-2020
60%
31 Filip Djordjevic ST 68 11 (6) 2014-2017
60%
96 Juan Pablo Carrizo GK 2 0 (0) 2011-2012
60%
24 Lorik Cana DM 82 4 (2) 2011-2015
60%
77 Martín Cáceres CB 10 1 (1) 2017-2019
60%
88 Pedro Neto RW 4 0 (0) 2018-2019
60%
72 Albano Bizzarri GK 12 0 (0) 2011-2013
50%
38 Cristian Brocchi CM 54 0 (4) 2010-2013
50%
66 Djibril Cissé ST 18 1 (6) 2011-2012
50%
86 Hélder Postiga ST 5 0 (0) 2013-2014
50%
57 Jony LW 24 0 (1) 2019-2020
50%
71 Marius Stankevicius CB 14 0 (0) 2011-2013
50%
43 Matuzalém DM 43 1 (2) 2010-2012
50%
41 Michaël Ciani CB 48 1 (1) 2012-2015
50%
59 Milan Badelj DM 23 1 (0) 2018-2019
50%
34 Sergio Floccari ST 66 13 (5) 2010-2011, 2012-2014
50%
100 Silvio Proto GK 2 0 (0) 2018-2019
50%
39 Wallace CB 54 1 (1) 2016-2019
50%
64 Alessandro Matri ST 19 4 (1) 2015-2016
40%
73 Bobby Adekanye RW 11 1 (0) 2019-2020
40%
55 Brayan Perea ST 24 1 (2) 2013-2015
40%
85 Louis Saha ST 6 0 (0) 2012-2013
40%
63 Mark Bresciano CM 20 0 (0) 2010-2011
40%
44 Maurício CB 40 0 (1) 2014-2016, 2017-2018
40%
75 Milan Bisevac CB 11 1 (0) 2015-2016
40%
89 Ravel Morrison AM 4 0 (0) 2015-2016
40%
69 Ricardo Kishna LW 16 2 (0) 2015-2017
40%
93 Bruno Jordão DM 3 0 (0) 2018-2019
30%
65 Cristiano Lombardi RW 18 1 (0) 2016-2017
30%
68 Diego Novaretti CB 16 0 (1) 2013-2015
30%
50 Ederson AM 34 3 (2) 2012-2015
30%
61 Edson Braafheid LB 21 0 (1) 2014-2016
30%
70 Guglielmo Stendardo CB 14 0 (0) 2010-2011
30%
62 Javier Garrido LB 21 0 (1) 2010-2012
30%
94 Joseph Minala DM 3 0 (0) 2013-2014
30%
87 Luca Crecco LM 5 1 (0) 2012-2014, 2016-2017
30%
82 Luciano Zauri RB 8 0 (0) 2011-2012
30%
52 Modibo Diakité CB 33 1 (2) 2010-2012
30%
78 Riza Durmisi LB 10 0 (1) 2018-2019
30%
79 Rômulo CM 10 0 (1) 2018-2019
30%
58 Santiago Gentiletti CB 24 1 (0) 2014-2016
30%
91 Alessandro Rossi ST 3 0 (0) 2016-2017
20%
95 Davide Di Gennaro AM 2 0 (0) 2017-2018
20%
81 Emiliano Alfaro ST 8 0 (0) 2011-2012
20%
104 Gaël Kakuta AM 1 0 (0) 2013-2014
20%
56 Giuseppe Sculli LW 24 4 (3) 2010-2012
20%
106 Guido Guerrieri GK 1 0 (0) 2018-2019
20%
107 Ivan Vargic GK 1 0 (0) 2016-2017
20%
98 Moritz Leitner CM 2 0 (0) 2016-2017
20%
80 Pasquale Foggia AM 9 0 (0) 2010-2011
20%
60 Pereirinha RW 22 0 (1) 2012-2015
20%
110 Raúl Moro LW 1 0 (0) 2019-2020
20%
90 Simone Del Nero LW 4 0 (0) 2010-2012
20%
101 Tommaso Berni GK 2 0 (0) 2010-2011
20%
92 Antonio Rozzi ST 3 0 (0) 2011-2012
10%
102 Enrico Zampa DM 1 0 (0) 2011-2012
10%
103 Franjo Prce CB 1 0 (0) 2016-2017
10%
105 Giorgio Spizzichino RB 1 0 (0) 2016-2017
10%
108 Luan Capanni AM 1 0 (0) 2018-2019
10%
109 Luca Falbo LB 1 0 (0) 2019-2020
10%
97 Mamadou Tounkara ST 2 0 (0) 2013-2014, 2016-2017
10%
99 Nicolò Armini CB 2 0 (0) 2018-2020
10%
111 Simone Palombi ST 1 0 (0) 2017-2018
10%
No matching quizzes found
Score Distribution
Percent of People with Each Score
Percentile by Number Answered
Your Score History
You have not taken this quiz